Langman's Essential Medical Embryology (Record no. 166)

MARC details
000 -LEADER
fixed length control field 01037cam a22003134a 4500
001 - CONTROL NUMBER
control field 13659992
003 - CONTROL NUMBER IDENTIFIER
control field OSt
005 - DATE AND TIME OF LATEST TRANSACTION
control field 20161007134927.0
008 - FIXED-LENGTH DATA ELEMENTS--GENERAL INFORMATION
fixed length control field 040720s2005 paua 001 0 eng
010 ## - LIBRARY OF CONGRESS CONTROL NUMBER
LC control number 2004048961
020 ## - INTERNATIONAL STANDARD BOOK NUMBER
International Standard Book Number 0781755719
035 ## - SYSTEM CONTROL NUMBER
System control number (DNLM)101224974
040 ## - CATALOGING SOURCE
Original cataloging agency DNLM/DLC
Transcribing agency DLC
Modifying agency DLC
042 ## - AUTHENTICATION CODE
Authentication code pcc
050 00 - LIBRARY OF CONGRESS CALL NUMBER
Classification number QM601
Item number .S215 2005
060 10 - NATIONAL LIBRARY OF MEDICINE CALL NUMBER
Classification number QS 604
Item number S126L 2005
082 00 - DEWEY DECIMAL CLASSIFICATION NUMBER
Classification number QS604 S15l 2005
Edition number 22
100 1# - MAIN ENTRY--PERSONAL NAME
Personal name Sadler, T. W.
9 (RLIN) 436
245 10 - TITLE STATEMENT
Title Langman's Essential Medical Embryology
260 ## - PUBLICATION, DISTRIBUTION, ETC. (IMPRINT)
Place of publication, distribution, etc. Philadelphia :
Name of publisher, distributor, etc. Lippincott Williams & Wilkins,
Date of publication, distribution, etc. c2005.
300 ## - PHYSICAL DESCRIPTION
Extent ix,150p;
Other physical details col.ill:
Dimensions 28 cm.
Accompanying material 1 CD-ROM
504 ## - BIBLIOGRAPHY, ETC. NOTE
Bibliography, etc Includes index.
650 #0 - SUBJECT ADDED ENTRY--TOPICAL TERM
Topical term or geographic name as entry element Medical Embryology
9 (RLIN) 204
650 #0 - SUBJECT ADDED ENTRY--TOPICAL TERM
Topical term or geographic name as entry element Human Development
9 (RLIN) 5810
856 42 - ELECTRONIC LOCATION AND ACCESS
Materials specified Publisher description
Uniform Resource Identifier http://www.loc.gov/catdir/enhancements/fy0712/2004048961-d.html
856 41 - ELECTRONIC LOCATION AND ACCESS
Materials specified Table of contents only
Uniform Resource Identifier http://www.loc.gov/catdir/enhancements/fy0829/2004048961-t.html
906 ## - LOCAL DATA ELEMENT F, LDF (RLIN)
a 7
b cbc
c orignew
d 1
e ocip
f 20
g y-gencatlg
942 ## - ADDED ENTRY ELEMENTS (KOHA)
Source of classification or shelving scheme Other/Generic Classification Scheme
Koha item type Book Bank
Holdings
Withdrawn status Lost status Source of classification or shelving scheme Damaged status Not for loan Home library Current library Date acquired Source of acquisition Inventory number Total Checkouts Full call number Barcode Date last seen Koha item type
    Other/Generic Classification Scheme     MUST Main Library MUST Main Library 09/07/2014   05/24275   QS604 S15l 2005 2014-0525 09/07/2014 Book Bank
    Other/Generic Classification Scheme     MUST Main Library MUST Main Library 09/07/2014   05/24286   QS604 S15l 2005 2014-0526 09/07/2014 Book Bank
    Other/Generic Classification Scheme     MUST Main Library MUST Main Library 09/07/2014   05/24282   QS604 S15l 2005 2014-0527 09/07/2014 Book Bank
    Other/Generic Classification Scheme     MUST Main Library MUST Main Library 09/07/2014   05/24285   QS604 S15l 2005 2014-0528 09/07/2014 Book Bank
    Other/Generic Classification Scheme     MUST Main Library MUST Main Library 09/07/2014   05/24278   QS604 S15l 2005 2014-0529 09/07/2014 Book Bank
    Other/Generic Classification Scheme     MUST Main Library MUST Main Library 09/07/2014   05/24283   QS604 S15l 2005 2014-0530 09/07/2014 Book Bank
    Other/Generic Classification Scheme     MUST Main Library MUST Main Library 09/07/2014   05/24279   QS604 S15l 2005 2014-0531 09/07/2014 Book Bank
    Other/Generic Classification Scheme     MUST Main Library MUST Main Library 09/07/2014   05/24280   QS604 S15l 2005 2014-0532 09/07/2014 Book Bank
    Other/Generic Classification Scheme     MUST Main Library MUST Main Library 09/07/2014   05/24284   QS604 S15l 2005 2014-0533 09/07/2014 Book Bank
    Other/Generic Classification Scheme     MUST Main Library MUST Main Library 09/07/2014   05/24281   QS604 S15l 2005 2014-0534 09/07/2014 Book Bank
    Other/Generic Classification Scheme     MUST Main Library MUST Main Library 09/07/2014   05/24277   QS604 S15l 2005 2014-0535 09/07/2014 Book Bank
    Other/Generic Classification Scheme     MUST Main Library MUST Main Library 09/07/2014   05/24287   QS604 S15l 2005 2014-0536 09/07/2014 Book Bank
    Other/Generic Classification Scheme     MUST Main Library MUST Main Library 22/09/2014   05/24274   QS604 S15l 2005 2014-2891 22/09/2014 Book Bank
    Other/Generic Classification Scheme     MUST Main Library MUST Main Library 22/09/2014   05/24288   QS604 S15l 2005 2014-2892 22/09/2014 Book Bank
    Other/Generic Classification Scheme     MUST Main Library MUST Main Library 22/09/2014   05/24276   QS604 S15l 2005 2014-2893 22/09/2014 Book Bank